000 00358 a2200133 4500
000 nam a22 7a 4500
100 _aManish Tiwari
110 _aManish Tiwari
245 _aIndia-Maldives-Sri Lanka Triangle: Maritime Security and Indian Ocean Diplomacy
250 _alatest edition
260 _beditor
_c2026
264 _beditor
_c2026
942 _cBK
999 _c395560
_d395560